000 00573nam a22002057a 4500
003 OSt
005 20140310182905.0
008 130128t xxu||||| |||| 00| 0 eng d
020 _a9714203856
050 _aHF 5387
_b.Ar791 2003
082 _aFIL 331
_b.Ar791 2003
245 _aValues and work ethics
_cArticulo, Archimedes C., Florendo, Gloria G.
260 _aMeycauayan, Bulacan
_bTrinitas Publishing
_cc2003
300 _a330 p.
_c25 cm.
521 _acollege students
526 _c1210L-1700L
541 _j1
562 _e1
942 _2lcc
_cBK
_kFIL
999 _c17145
_d17145